Se domani farà bel tempo /

Salvato in:
Dettagli Bibliografici
Autore principale: Bianchini, Luca, (1970- ) (Autore)
Natura: Libro
Lingua:italiano
Pubblicazione: Milano : Mondadori, 2007
Serie:Omnibus
Tags: Aggiungi Tag
Nessun Tag, puoi essere il primo ad aggiungerne!!

MARC

LEADER 00000nam a22000007i 4500
001 IT\ICCU\LO1\1124001
003 ItRI
005 20240403183504.0
008 070502s2007 it |||||| |||||1|||||c
020 |a 9788804568452 
040 |b ita  |c GP 
041 7 |a ita  |2 ISO-639-2 
082 |a 853.92  |2 21 
100 1 |a Bianchini, Luca,  |d  (1970- )  |0 IT\ICCU\RAVV\341192  |4 aut 
240 1 0 |a Se domani farà bel tempo  |9 Bianchini, Luca <1970- > 
245 1 0 |a Se domani farà bel tempo /  |c Luca Bianchini. 
260 |a Milano :  |b Mondadori,  |c 2007 
300 |a 297 p. ;  |c 22 cm. 
830 0 |a Omnibus  |0 IT\ICCU\CFI\0000512 
942 |2 ddc  |c BK 
952 |0 0  |1 0  |2 ddc  |4 0  |6 853_920000000000000_BIA  |7 1  |9 1153  |a RM  |b RM  |d 2024-04-03  |l 0  |o 853.92 BIA  |p 683  |r 2024-04-03 18:35:29  |w 2024-04-03  |y BK 
981 1 |6 z01  |a i   |b xxxe  
982 1 |6 z01  |a n 
999 |c 1057  |d 1057